000 00963cam a2200217 4500
001 L136700
008 070215n2006 000 0 eng u
020 _a1904829414
035 _a(Sirsi) u136700
050 0 4 _a692.5 $2 18
245 0 0 _aWessex comprehensive building price book 2007
_bminor works
250 _a24th ed.
260 _aPoole
_bBCIS
_c2006
300 _aca.1000p.
_c30cm.
520 _aGives unit rates compiled from over 500 000 price elements. Each unit rate and element has been updated and new materials and specifications have been incorporated where applicable and includes the latest amendments to professional information, average building prices, town and country planning regulations fees for applications, building regulations prescribed fees etc. and costs limits and allowances.
590 _aKA
651 4 _aUnited Kingdom
_y
690 _aBUILT ENVIRONMENT-BUILDING COSTS
700 _aBarnett, N.P.
_eEditor
942 _n0
999 _c106477
_d106477